000 00549cam a22002291 4500
001 sa 62000403
003 DLC
005 20260227111914.0
008 950217s1961 ii 000 0 hino
010 _asa 62000403
025 _aPL480:I-H-14x
035 _a(OCoLC)32010044
040 _aDLC
_cCU
_dCU
_dDLC
042 _apremarc
050 0 0 _aPK2098.N34
_bZ5
100 1 _aNarula, Surinder Singh,
_d1917-
245 1 0 _aAmr̥ta velā.
260 _c[1961]
300 _a242 p.
_c19 cm.
500 _aIn Hindi.
500 _aAutobiographical.
999 _c52927
_d52927